00605nam a22001817a 450000500170000001000150001702000260003203500140005803700090007208200150008124501200009625000060021626000500022227000640027230000200033670000370035670000300039320241028112949.0 aENG-142455 a9788194720355c499.00 aEN-125987 bDBAD a305.56221 aDr. B. R. Ambedkar Ideology:cEdited by Vinod Kumar Cherukuri and Punya ShailajabSustainable Development in India/ a1 bDesh Vikas Publicationsc2021aAndhra Pradesh aD. No. 1-43-19, Adarsha Nagar, Peda Waltair, Vishkhapatnam, a208p.c23cm(pb) aEdited by Cherukuri, Vinod Kumar aEdited by Shailaja, Punya